000 01003 a2200205 4500
003 Nust
005 20221024140414.0
010 _a 81065711
020 _a0250404079
040 _cNust
082 0 0 _a621.197,CHE
100 1 _aCheremisinoff, Nicholas P.
245 1 0 _aCooling towers :
_bselection, Design and practice
_c/ Nicholas P. Cheremisinoff, Paul N. Cheremisinoff.
260 _aAnn Arbor, Mich. :
_bAnn Arbor Science Publishers,
_cc1981.
300 _axi, 347 p. :
_bill. ;
_c24 cm.
505 _aOverview (Page-1), Properties and Definitions for the Air Water Systems (Page-13), Heat and Mass Transfer Principle (Page-35), Cooling Towers Classifications (Page-59), Theory and Design Principle (Page-87), Operation and Design Practices (Page-125), Mechanical Components of Cooling Towers (Page-163), Cooling Tower water Treatment (Page-185), Guidelines for winter Operation (Page-207).
650 0 _aCooling towers
_9101272
700 1 _aCheremisinoff, Paul N.
_96357
942 _2ddc
_cBK
999 _c178785
_d178785